| 000 | 00824cam a2200253 a 4500 | ||
|---|---|---|---|
| 001 | 000009635 | ||
| 005 | 20200929161642.0 | ||
| 008 | 011118s2000 gt f001 0 spa | ||
| 020 | _a9992200693 | ||
| 040 |
_aDO-SdBNP _bspa _cLC _dBNPHU |
||
| 082 |
_aG862.64 _bG216q |
||
| 100 | 1 |
_aGarcía Urrea, José Antonio _q(José Antonio) _924497 |
|
| 245 | 1 | 0 |
_aQue traigan al chucho : _bteatro chico en un acto para representar y leer / _cJosé Antonio García Urrea. |
| 260 |
_aGuatemala : _bCultura, _c2000. |
||
| 300 |
_a73 p. ; _c22 cm. |
||
| 490 | 1 | _aManuel Galich | |
| 490 | 1 |
_aTeatro, _v1 |
|
| 500 | _a"4 jugetes cómicos." | ||
| 650 | 4 |
_aTeatro guatemalteco _924498 |
|
| 650 | 4 |
_aLiteratura guatemalteca _95393 |
|
| 830 | 0 |
_aManuel Galich : _pTeatro, _v1 _924499 |
|
| 910 | _aCatalogación por copia / LC | ||
| 049 | _aBNGR | ||
| 999 |
_c9395 _d9395 |
||